000 00394nam a2200157 i 4500
001 bg
100 1 _aKURZAWA, S.
245 0 _aOptymalne kształtowanie stalowych prętów ściskanych /
_cS. Kurzawa, Z. Kurzawa.
250 _aWyd.3 zmien.
260 _aPoznań,
_c1985.
700 1 _aKURZAWA, Z.
040 _cBPK
041 _apol
942 _cKS
008 s pl f |000 0 pol
999 _c156
_d156
856 _uhttp://koha.tu.koszalin.pl/cgi-bin/koha/opac-detail.pl?biblionumber=156
_yKatalog online BPK